Vlaamse Leeuw - Statistieken

Algemene statistieken
  • Deze quiz is 48 keer genomen
  • De gemiddelde score is 81 van 125
Antwoordstatistieken
Antwoord % Correct
de
94%
De
94%
Leeuw.
94%
Leeuw
94%
Vlaamse
94%
Zij
91%
zij
91%
niet
88%
hem
81%
temmen,
81%
zullen
81%
een
78%
fiere
78%
kan
75%
klauwen,
75%
leeft,
75%
Vlaming
75%
zolang
75%
Zolang
75%
hij
72%
heeft.
69%
en
59%
tanden
59%
is
44%
kluisters
44%
geschreeuw.
41%
met
38%
Wij
38%
zijn
38%
Al
34%
dreigen
31%
steden,
31%
vrijheid
31%
daar.
28%
van
28%
ten
25%
zal
25%
trekt
22%
velde,
22%
vijand
22%
geen
19%
omringd
19%
staan.
19%
tijd
19%
volk
19%
blijven
16%
nooit
16%
vergaan.
16%
verslindt
16%
doodsgevaar.
13%
lachen
13%
legerbenden
13%
sneven,
13%
tronen
13%
woede,
13%
Geen overeenkomende quizzen gevonden
Scoreverdeling
Procent van Mensen met Elke Score
Percentiel versus Aantal Correcte Antwoorden
Uw Scoregeschiedenis
U heeft deze quiz nog niet genomen